| 000 | 01588cam a2200349 a 4500 | ||
|---|---|---|---|
| 999 |
_c329610 _d329610 |
||
| 001 | 14933783 | ||
| 003 | NUST | ||
| 005 | 20170516113532.0 | ||
| 008 | 070719s2008 flua b 001 0 eng | ||
| 010 | _a 2007029044 | ||
| 020 | _a9781420062687 (alk. paper) | ||
| 020 | _a1420062689 (alk. paper) | ||
| 035 | _a(OCoLC)ocn162126762 | ||
| 035 |
_a(OCoLC)162126762 _z(OCoLC)154683804 |
||
| 040 |
_aDLC _cDLC _dBAKER _dBTCTA _dC#P _dYDXCP _dDLC |
||
| 050 | 0 | 0 |
_aTE228 _b.G82 2008 |
| 082 | 0 | 0 |
_a388.41312 GUB _222 |
| 100 | 1 |
_aGuberinić, Slobodan. _9828 |
|
| 245 | 1 | 0 |
_aOptimal traffic control : _burban intersections / _cSlobodan Guberinić, Gordana Šenborn, Bratislav Lazić. |
| 260 |
_aBoca Raton, FL : _bCRC Press, _cc2008. |
||
| 300 |
_axii, 352 p. : _bill. ; _c25 cm. |
||
| 504 | _aIncludes bibliographical references (p. 339-345) and index. | ||
| 650 | 0 |
_aSignalized intersections. _9829 |
|
| 650 | 0 |
_aTraffic signs and signals _xControl systems. _9830 |
|
| 650 | 0 |
_aTraffic engineering. _9394 |
|
| 700 | 1 |
_aŠenborn, Gordana. _9831 |
|
| 700 | 1 |
_aLazić, Bratislav. _9832 |
|
| 856 | 4 | 1 |
_3Table of contents only _uhttp://www.loc.gov/catdir/toc/ecip0722/2007029044.html |
| 856 | 4 | 2 |
_3Publisher description _uhttp://www.loc.gov/catdir/enhancements/fy0828/2007029044-d.html |
| 906 |
_a7 _bcbc _corignew _d1 _eecip _f20 _gy-gencatlg |
||
| 942 |
_2ddc _cBK |
||